Statystyki dla Flagi stanów USA

Kliknij tutaj aby rozwiązać quiz!

Ogólne statystyki

  • Ten quiz został rozwiązany 199 razy
  • Średni wynik to 31 z 50

Statystyki odpowiedzi

Odpowiedź% Poprawnych
Kalifornia
99%
Montana
95%
Iowa
93%
Waszyngton
92%
Idaho
91%
Oregon
91%
Teksas
91%
Arkansas
89%
Kansas
84%
Floryda
83%
Oklahoma
83%
Illinois
74%
Wisconsin
71%
Kolorado
70%
Alaska
68%
Dakota Północna
66%
Dakota Południowa
66%
Indiana
66%
Nevada
66%
Nowy Jork
66%
Nowy Meksyk
66%
Ohio
66%
Minnesota
65%
Alabama
63%
Hawaje
63%
Nebraska
61%
Utah
60%
Arizona
59%
Wirginia
57%
Wyoming
57%
Karolina Północna
56%
Georgia
54%
Karolina Południowa
54%
Maine
54%
Kentucky
53%
Vermont
53%
Maryland
50%
Luizjana
46%
Wirginia Zachodnia
46%
Missisipi
45%
Rhode Island
45%
Connecticut
44%
Pensylwania
44%
Delaware
41%
Missouri
41%
Tennessee
41%
Massachusetts
39%
Michigan
36%
Nowe Hampshire
30%
Nowe Jersey
27%

Rozkład punktacji

Percentyl według liczby udzielonych odpowiedzi

Procent ludzi z każdym wynikiem

Twoja historia wyników

Nie rozwiązałeś tego quizu